| 000 | 00616nam a22002057a 4500 | ||
|---|---|---|---|
| 001 | 8003 | ||
| 003 | FISKH | ||
| 005 | 20250818150140.0 | ||
| 008 | 250818b cb ||||| |||| 00| 0 eng d | ||
| 020 | _a9780328017850 | ||
| 040 |
_aFISKH _beng _cFISKH _dFISKH |
||
| 050 | _aPZ7 | ||
| 100 | _aBoyd, Candy Dawson | ||
| 245 |
_aScott Foresman Social Studies Communities Texas Edition / _cBy Candy Dawson Boyd |
||
| 260 |
_aNew Jersey : _bPearson Education, Inc., _c2003. |
||
| 300 |
_a452 pages : _bcolor illustrations , maps ; _c28 cm . |
||
| 700 |
_aGay, Geneva _eIllustrator |
||
| 942 |
_2ddc _cBK _n0 |
||
| 999 |
_c8003 _d8003 |
||